[Event "43rd Guernsey Festival 2017"]
[Site "Vale"]
[Date "2017.10.15"]
[Round "1"]
[White "Morcom, Huw"]
[Black "Maloberti, David"]
[Result "1/2-1/2"]
[WhiteElo "1936"]
[BlackElo "2132"]
[Annotator "TA"]
[PlyCount "72"]
[EventDate "2017.??.??"]
[EventType "swiss"]
[EventCountry "GCI"]
[SourceTitle "playchess.com"]
[Source "ChessBase"]
[SourceQuality "1"]

{[%evp 14,72,0,-20,0,-24,-28,-26,-29,-43,3,-9,0,0,47,46,45,52,49,44,134,-6,65,63,43,44,37,38,38,46,41,39,43,35,33,35,64,55,60,64,74,66,77,81,96,96,93,58,58,58,58,57,60,0,0,0,0,0,0,0,0]} 1. Nf3 Nf6 2. d3 g6 3. e4 d6 4. Be2 Bg7 5. h3 O-O 6. c3 c5 7. O-O Nc6 8. Nbd2 {LiveBook: 5 Games. B50: Sicilian: 2...d6, Miscellaneous} (8. Be3 e5 9. Nbd2 Re8 10. a3 a5 11. a4 b6 12. Qb1 d5 13. Bg5 h6 14. Bxf6 Bxf6 15. Bd1 Ne7 16. Re1 Bb7 {½-½ (64) Votava,J (2524)-Baldauf,M (2420) Austria 2016}) 8... Nh5 9. Nc4 b5 10. Na3 {Black has an edge.} b4 11. cxb4 cxb4 12. Nc4 e5 $146 ({Predecessor:} 12... d5 13. exd5 Qxd5 14. Nh2 Nd4 15. Bxh5 gxh5 {1-0 (65) Garcia Esteban,J (1965)-Luukkonen,T (2256) Madrid 2011}) 13. Bg5 f6 14. Be3 d5 15. exd5 Qxd5 16. Nfd2 {Bf3 is the strong threat.} Bb7 {[#]} (16... Nd4 $14) 17. Ne4 ({Of course not} 17. Bxh5 $6 gxh5 18. Ne4 (18. Qxh5 Nd4 $11) 18... f5 $11) (17. Bf3 $1 $16 {[%cal Rf3d5]} Qxd3 18. Nb3 Qxd1 19. Rfxd1 (19. Raxd1 Ba6 $16)) 17... Nd4 (17... f5 $1 $11 18. Ned6 Nd4 19. Nxb7 Nxe2+ 20. Qxe2 Qxb7) 18. Bxd4 $1 $14 Qxd4 19. Bxh5 {And now Bf3 would win.} Bxe4 20. dxe4 Qxc4 21. Be2 Qd4 22. Qb3+ Kh8 23. Rfd1 {[%cal Bf1d1,Bd1d5,Bd5b5][%mdl 32]} Qb6 24. Rd5 $36 {[%mdl 2048] White has good play.} f5 25. Rb5 Qf6 26. Rxb4 fxe4 27. Rf1 Qf4 {[#]} 28. Bf3 $1 {[%mdl 512]} Rac8 (28... exf3 29. Rxf4) 29. Rxe4 Qd2 30. Rd1 Rc1 31. Rxc1 Qxc1+ 32. Kh2 Qd2 33. Re2 (33. Qe3 $14 Qxe3 34. Rxe3 (34. fxe3 Rd8 $16)) 33... Qf4+ $11 {The position is equal.} 34. Kg1 Qc1+ 35. Kh2 Qf4+ 36. Kg1 Qc1+ {Precision: White = 58%, Black = 35%.} 1/2-1/2

[Event "43rd Guernsey Festival 2017"]
[Site "Vale"]
[Date "2017.10.15"]
[Round "1"]
[White "Fassaert, Desire"]
[Black "Hoogland, Dirk"]
[Result "1/2-1/2"]
[WhiteElo "1923"]
[BlackElo "2098"]
[Annotator "NA RC"]
[PlyCount "146"]
[EventDate "2017.??.??"]
[EventType "swiss"]
[EventCountry "GCI"]
[SourceTitle "playchess.com"]
[Source "ChessBase"]
[SourceQuality "1"]
[TimeControl "40/6000+30:2400+30"]

{[%evp 8,146,25,43,45,45,32767,32767,32767,32767,32767,29,40,27,44,35,43,10,0,-13,-4,-6,-17,-28,22,-14,0,-4,32767,-11,0,0,0,-43,32767,32767,32767,0,0,0,0,32767,32767,32767,32767,32767,32767,32767,32767,32767,0,0,32767,32767,32767,32767,32767,4,32767,32767,32767,32767,32767,32767,32767,32767,32767,32767,32767,0,0,0,0,0,0,0,0,32767,0,0,0,0,0,0,0,0,0,0,0,0,335,215,377,620,647,314,415,339,445,396,411,374,1238,1660,791,2481,5091,875,1657,5077,4818,1127,6091,5621,2699,220,237,851,237,220,5398,1091,2251,6289,2525,6341,2532,1360,1094,937,1094,3049,3375,677,725,0,1649,0,5485,0,1922]} 1. Nf3 {[%emt 0:00:00]} c5 {[%emt 0:00:10]} 2. c4 {[%emt 0:00:00]} Nc6 {[%emt 0:00:08]} 3. d4 {[%emt 0:00:42]} cxd4 {[%emt 0:00:25]} 4. Nxd4 {[%emt 0:00:12]} g6 {[%emt 0:00:15]} 5. e4 {[%emt 0:04:54]} Nf6 {[%emt 0:00:25]} 6. Nc3 {[%emt 0:00:14]} d6 {[%emt 0:00:14]} 7. Be2 {[%emt 0:00:43]} Nxd4 {[%emt 0:00:31]} 8. Qxd4 {[%emt 0:00:25]} Bg7 {[%emt 0:00:09]} 9. O-O {[%emt 0:13:50]} O-O {[%emt 0:01:02]} 10. Qd1 {[%emt 0:00:42]} Be6 {[%emt 0:01:49]} 11. Be3 {[%emt 0:17:33]} Qa5 {[%emt 0:05:35] LiveBook: 12 Games} 12. f3 {[%emt 0:10:05] B36: Sicilian: Maroczy Bind: Gurgenidze System} (12. Bd4 Rfc8 13. b3 a6 14. Nd5 Bxd5 15. exd5 Nd7 16. Re1 Rc7 17. Bxg7 Kxg7 18. Qd4+ Kg8 19. Bf1 Re8 20. Re3 {½-½ (53) Pantsulaia,L (2611)-Krivoshey,S (2531) Dubai 2006}) 12... Rfc8 {[%emt 0:05:45]} 13. Nd5 {[%emt 0:06:37]} Nxd5 {[%emt 0:03:25]} 14. cxd5 {[%emt 0:00:11]} Bd7 {[%emt 0:00:08]} 15. Qb3 {[%emt 0:07:40]} Rc7 $146 {[%emt 0:04:28]} ({Predecessor:} 15... b5 16. Rac1 a6 17. Kf2 h5 18. g3 Bh3 19. Rfd1 Bd7 {½-½ (31) Shorokhov,A (2471)-Kretov,E (2138) Internet 2006}) 16. Rfc1 {[%emt 0:04:56]} Rac8 {[%emt 0:01:23]} 17. Rxc7 {[%emt 0:04:09]} Rxc7 {[%emt 0:00:34]} 18. Kf1 {[%emt 0:08:04]} Ba4 {[%emt 0:19:15]} 19. Qa3 $1 {[%emt 0:00:36]} Rc2 {[%emt 0:00:31]} 20. b4 {[%emt 0:13:27]} (20. Rb1 $5 {[%cal Rb2b4]} b5 21. b3 $11) 20... Qc7 {[%emt 0:06:56]} 21. Rc1 {[%emt 0:00:37]} b5 {[%emt 0:02:37]} 22. Bd3 Rxc1+ {[%emt 0:06:09]} 23. Qxc1 {[%emt 0:02:42]} Qxc1+ {[%emt 0:02:17]} 24. Bxc1 {[%emt 0:00:02]} Bc3 {[%emt 0:00:16]} 25. a3 {[%emt 0:00:26]} e6 {[%emt 0:01:37]} 26. dxe6 {[%emt 0:00:39]} fxe6 {[%emt 0:00:09]} 27. Ke2 {[%emt 0:00:30]} Kf7 {[%emt 0:00:15]} 28. Bb1 {[%emt 0:05:51]} d5 {[%emt 0:03:45]} 29. exd5 {[%emt 0:00:54]} exd5 {[%emt 0:00:17]} 30. Ba2 {[%emt 0:02:32]} Ke6 {[%emt 0:00:25]} 31. Kd3 {[%emt 0:00:06]} Be5 {[%emt 0:04:59]} 32. f4 {[%emt 0:02:51]} Bc7 {[%emt 0:05:05]} 33. g3 {[%emt 0:01:09]} Bd1 {[%emt 0:02:13]} 34. Bb2 {[%emt 0:01:03]} Bf3 {[%emt 0:01:36]} 35. Bd4 {[%emt 0:00:18]} a5 {[%emt 0:02:24]} 36. bxa5 {[%emt 0:01:01]} Bxa5 {[%emt 0:00:08]} 37. Bc3 {[%emt 0:00:24]} Bd8 {[%emt 0:00:28]} 38. Bb3 {[%emt 0:00:54]} Be4+ {[%emt 0:00:44]} 39. Ke3 {[%emt 0:00:22]} Bb6+ {[%emt 0:00:31]} 40. Bd4 {[%emt 0:00:44]} Ba5 {[%emt 0:40:21]} 41. Bc5 {[%emt 0:05:36]} h5 {[%emt 0:00:00]} 42. Bd1 {[%emt 0:06:00]} Kd7 $1 {[%emt 0:00:00]} 43. Be2 {[%emt 0:04:19]} Kc6 {[%emt 0:00:00]} 44. Bd4 {[%emt 0:00:08]} Bd8 {[%emt 0:00:00]} 45. Bc3 {[%emt 0:06:34]} Be7 {[%emt 0:00:00]} 46. Bb4 {[%emt 0:00:22]} Bc5+ {[%emt 0:00:00]} 47. Bxc5 {[%emt 0:06:08]} Kxc5 {[%emt 0:00:00]} 48. h3 {[%emt 0:01:20]} Bg2 $2 {[%emt 0:00:00]} (48... Bf5 $11 {und Schwarz muss sich keine Sorgen machen.}) 49. Bd3 {[%emt 0:01:05]} d4+ {[%emt 0:00:00]} 50. Kd2 {[%emt 0:00:12]} Bxh3 {[%emt 0:00:00]} 51. Bxg6 {[%emt 0:00:10]} Bg4 {[%emt 0:00:00]} 52. Kd3 {[%emt 0:06:01]} Kd5 {[%emt 0:00:00]} 53. Be4+ {[%emt 0:09:02]} Kc5 {[%emt 0:00:00]} 54. f5 {[%emt 0:00:23]} Bd1 {[%emt 0:00:00]} (54... Bh3 $142 55. f6 Bf1+ 56. Kd2 Bc4) 55. f6 {[%emt 0:00:10]} Bb3 {[%emt 0:00:00]} 56. Bg6 {[%emt 0:00:10]} Bc4+ {[%emt 0:00:00]} 57. Kd2 {[%emt 0:00:16]} (57. Ke4 $142 Kd6 58. Kxd4) 57... Kd6 {[%emt 0:00:00]} 58. Bxh5 {[%emt 0:00:41]} Ke6 {[%emt 0:00:00]} 59. f7 {[%emt 0:00:48]} Ke7 {[%emt 0:00:00]} 60. g4 {[%emt 0:00:45]} Bd5 {[%emt 0:00:00]} 61. g5 $2 {[%emt 0:00:26]} (61. Kd3 Bf3 62. Kxd4) 61... Be4 {[%emt 0:00:00]} 62. Be2 (62. g6 $142 Kf8 63. Kc1) 62... Kxf7 {[%emt 0:00:00]} 63. Bxb5 {[%emt 0:01:49]} Ke7 {[%emt 0:00:00]} 64. Bd3 {[%emt 0:00:15]} (64. a4 $142 Ke6 65. a5) 64... Bc6 {[%emt 0:00:00]} 65. g6 {[%emt 0:01:11]} Kf6 {[%emt 0:00:00]} 66. Ke2 {[%emt 0:00:27]} Ba4 {[%emt 0:00:00]} 67. Kf3 {[%emt 0:00:23]} Bc6+ {[%emt 0:00:00]} 68. Kf4 {[%emt 0:00:14]} Be8 {[%emt 0:00:00]} 69. Bc2 {[%emt 0:00:49]} ({Not} 69. g7 Kxg7 70. Ke5 Kf7 $16) 69... Bc6 {[%emt 0:00:00]} 70. Be4 {[%emt 0:00:30]} Ba4 {[%emt 0:00:00]} 71. Bd3 $2 {[%emt 0:00:31]} (71. Kf3 $18 Bb5 72. Kf2) 71... Bc6 {[%emt 0:00:00]} 72. Bf5 $2 {[%emt 0:00:28]} ({White should play} 72. Kg4 $18 Bd7+ 73. Kh5) 72... Ba4 $2 {[%emt 0:00:00] [#]} (72... Bb5 $11) 73. Bd3 {[%emt 0:00:29]} (73. Be4 $1 $18 Bb5 74. Kf3) 73... Bc6 $18 {[%emt 0:00:00] Kg5+ Kg7 Kf4} 1/2-1/2

[Event "43rd Guernsey Festival 2017"]
[Site "Vale"]
[Date "2017.10.15"]
[Round "1"]
[White "Haisma, Henk"]
[Black "Stuart, Brian"]
[Result "1/2-1/2"]
[WhiteElo "1808"]
[BlackElo "1654"]
[Annotator "NA RC"]
[PlyCount "65"]
[EventDate "2017.??.??"]
[EventType "swiss"]
[EventCountry "GCI"]
[SourceTitle "playchess.com"]
[Source "ChessBase"]
[SourceQuality "1"]
[TimeControl "40/6000+30:2400+30"]

{[%evp 9,59,-4,-4,-12,32767,32767,32767,32767,-11,-9,0,-9,-18,-18,32767,32767,32767,32767,32767,32767,-52,-76,-60,-65,-67,-74,-52,-54,-67,-65,-70,-97,32767,32767,32767,32767,-79,32767,-17,-17,0,-9,32767,32767,32767,-79,-109,-91,32767,32767,32767,-326]} 1. b4 {[%emt 0:00:37]} e6 {[%emt 0:01:16]} 2. Bb2 {[%emt 0:00:07]} Nf6 {[%emt 0:00:07]} 3. a3 {[%emt 0:00:05]} d5 {[%emt 0:03:12]} 4. e3 {[%emt 0:01:45]} c5 {[%emt 0:05:41]} 5. bxc5 {[%emt 0:00:27]} Bxc5 {[%emt 0:00:22] LiveBook: 5 Games} 6. Nf3 {[%emt 0:00:03]} Nc6 {[%emt 0:01:09] A00: Irregular Openings} (6... O-O 7. c4 Nc6 8. d4 Bd6 9. Nbd2 b6 10. cxd5 exd5 11. Bb5 Bb7 12. O-O Rc8 13. Qe2 Qe7 14. Rfc1 {½-½ (57) Degterev,P (2475)-Zhak,B (2556) ICCF email 2009}) 7. Be2 {[%emt 0:01:13]} O-O {[%emt 0:00:53]} 8. O-O {[%emt 0:00:07]} Re8 {[%emt 0:08:10]} 9. d4 {[%emt 0:00:21]} Bd6 {[%emt 0:01:06]} 10. c4 {[%emt 0:00:10]} b6 {[%emt 0:13:50]} 11. cxd5 $146 {[%emt 0:03:15]} ({Predecessor:} 11. Nc3 Bb7 12. cxd5 exd5 13. Bd3 g6 14. Nb5 {1-0 (38) Von Saleski,M-Ohnmacht,R DESC email 2001}) 11... exd5 {[%emt 0:00:16]} 12. Nc3 {[%emt 0:02:22]} a6 {[%emt 0:04:08]} 13. Rc1 {[%emt 0:04:53]} Bb7 {[%emt 0:00:38]} 14. Re1 {[%emt 0:04:17]} Rc8 {[%emt 0:02:57]} 15. Bf1 {[%emt 0:06:04]} Na5 {[%emt 0:14:11]} 16. Nd2 {[%emt 0:09:20]} b5 {[%emt 0:06:46]} 17. g3 {[%emt 0:14:30]} Nc4 {[%emt 0:06:43]} 18. Nxc4 {[%emt 0:00:15]} bxc4 {[%emt 0:00:29]} 19. Qc2 {[%emt 0:06:01]} h5 {[%emt 0:06:11]} 20. Ra1 {[%emt 0:09:20]} h4 {[%emt 0:07:22]} 21. Reb1 {[%emt 0:01:59]} Rc7 {[%emt 0:02:58]} 22. Bg2 {[%emt 0:03:43]} hxg3 {[%emt 0:00:50]} 23. hxg3 {[%emt 0:00:40]} Qe7 {[%emt 0:02:54]} (23... Bc6 $17) 24. Bc1 {[%emt 0:02:06]} Qd7 {[%emt 0:04:33]} 25. Rb6 {[%emt 0:03:35]} Bf8 {[%emt 0:01:42]} 26. Rab1 {[%emt 0:03:53]} Bc8 {[%emt 0:02:42] [#]} 27. Qa4 $2 {[%emt 0:05:01]} (27. Rxf6 $1 $18 {[%mdl 512]} gxf6 28. Nxd5) 27... Qxa4 {[%emt 0:02:02]} 28. Nxa4 {[%emt 0:00:10]} Bf5 {[%emt 0:02:43]} 29. Ra1 {[%emt 0:07:26]} Re6 {[%emt 0:00:59]} 30. Bd2 $19 {[%emt 0:12:26]} (30. Rb8 $11 {and White has nothing to worry.}) 30... Rxb6 {[%emt 0:01:23]} 31. Nxb6 {[%emt 0:00:02]} c3 {[%emt 0:01:10]} 32. Bc1 {[%emt 0:00:01]} Be6 {[%emt 0:00:50]} 33. Kf1 {[%emt 0:04:04]} 1/2-1/2

[Event "43rd Guernsey Festival 2017"]
[Site "Vale"]
[Date "2017.10.15"]
[Round "1"]
[White "Colsen, Manuel"]
[Black "Baart, Edwin"]
[Result "1/2-1/2"]
[WhiteElo "1665"]
[BlackElo "1816"]
[Annotator "NA RC"]
[PlyCount "47"]
[EventDate "2017.??.??"]
[EventType "swiss"]
[EventCountry "GCI"]
[SourceTitle "playchess.com"]
[Source "ChessBase"]
[SourceQuality "1"]
[TimeControl "40/6000+30:2400+30"]

{[%evp 9,43,19,4,-22,3,3,12,-11,15,32767,29,39,45,29,59,22,23,0,33,0,49,36,42,29,29,0,0,32767,32767,32767,-64,-77,-80,0,0,0]} 1. Nf3 {[%emt 0:00:00]} d5 {[%emt 0:00:17]} 2. g3 {[%emt 0:01:38]} Nf6 {[%emt 0:00:42]} 3. Bg2 {[%emt 0:00:34]} e6 {[%emt 0:02:14]} 4. d4 {[%emt 0:02:38]} Be7 {[%emt 0:00:20]} 5. O-O {[%emt 0:04:33]} O-O {[%emt 0:00:09]} 6. Nbd2 {[%emt 0:11:43]} (6. c4 $5) 6... Nbd7 {[%emt 0:01:39]} 7. c4 {[%emt 0:00:46]} c6 {[%emt 0:01:02] LiveBook: 272 Games E07: Closed Catalan: Main Line (5 Nf3 0-0 6 0-0 Nbd7)} 8. a3 {[%emt 0:12:31]} Re8 {[%emt 0:09:37]} (8... b6 9. e4 Nxe4 10. Nxe4 dxe4 11. Ne5 Bb7 12. Bxe4 Nxe5 13. dxe5 Qc7 14. Re1 c5 15. h4 Rad8 16. Qf3 Bxe4 17. Rxe4 {0-1 (30) Mamedyarov,S (2736)-Dominguez Perez,L (2732) Berlin 2015}) 9. b4 {[%emt 0:04:24]} Bd6 {[%emt 0:10:18]} 10. Bb2 {[%emt 0:11:46]} Qe7 $146 {[%emt 0:07:22]} ({Predecessor:} 10... e5 11. cxd5 cxd5 12. dxe5 Nxe5 13. Nxe5 Bxe5 14. Bxe5 Rxe5 15. Nb3 {0-1 (32) Marmol Soley,E (2061)-Hassomal Daswani,B (2040) Mislata 2013}) 11. e3 {[%emt 0:08:18]} b6 {[%emt 0:04:01]} 12. c5 {[%emt 0:04:18]} Bc7 {[%emt 0:00:53]} 13. Re1 {[%emt 0:03:01]} Bb7 {[%emt 0:00:54]} 14. Rc1 {[%emt 0:02:58]} b5 {[%emt 0:00:28]} 15. Ne5 {[%emt 0:08:16]} a5 {[%emt 0:09:39]} 16. Nxd7 {[%emt 0:05:31]} Qxd7 {[%emt 0:02:07]} 17. e4 {[%emt 0:03:40]} dxe4 {[%emt 0:06:33]} 18. Nxe4 {[%emt 0:02:02]} Nd5 {[%emt 0:00:26]} 19. Nc3 {[%emt 0:10:36]} axb4 {[%emt 0:03:28]} 20. axb4 {[%emt 0:00:15]} Nxb4 {[%emt 0:00:39] [#]} 21. Nxb5 $1 {[%emt 0:00:16]} Ba6 {[%emt 0:18:07]} 22. Nxc7 $11 {[%emt 0:04:18]} Qxc7 {[%emt 0:00:39]} 23. Ra1 {[%emt 0:02:07]} Bc4 {[%emt 0:08:01]} 24. Bf1 {[%emt 0:01:29]} 1/2-1/2

[Event "43rd Guernsey Festival 2017"]
[Site "Vale"]
[Date "2017.10.15"]
[Round "1"]
[White "Salisbury, Paul"]
[Black "Dennis, Nigel W"]
[Result "0-1"]
[WhiteElo "1650"]
[BlackElo "1785"]
[Annotator "NA RC"]
[PlyCount "98"]
[EventDate "2017.??.??"]
[EventType "swiss"]
[EventCountry "GCI"]
[SourceTitle "playchess.com"]
[Source "ChessBase"]
[SourceQuality "1"]
[TimeControl "40/6000+30:2400+30"]

1. e4 {[%emt 0:00:00]} c5 {[%emt 0:00:07]} 2. Nf3 {[%emt 0:00:00]} e6 {[%emt 0:00:12]} 3. c3 {[%emt 0:01:17]} d5 {[%emt 0:00:33]} 4. exd5 {[%emt 0:01:59]} Qxd5 {[%emt 0:00:32]} 5. d4 {[%emt 0:00:47]} Nf6 {[%emt 0:00:26]} 6. Bd3 {[%emt 0:05:12]} Nc6 {[%emt 0:02:49]} 7. O-O {[%emt 0:04:12]} Be7 {[%emt 0:00:16]} 8. Na3 {[%emt 0:02:54]} cxd4 {[%emt 0:04:57]} 9. Nb5 {[%emt 0:00:25]} Qd8 {[%emt 0:01:30]} 10. Nbxd4 {[%emt 0:03:29]} Nxd4 {[%emt 0:00:23]} 11. Nxd4 {[%emt 0:06:42]} O-O {[%emt 0:00:26]} 12. Re1 {[%emt 0:00:18]} a6 {[%emt 0:01:32]} 13. a4 {[%emt 0:02:48]} Qc7 {[%emt 0:01:54]} 14. Bg5 {[%emt 0:16:58]} e5 {[%emt 0:10:43]} 15. Nf5 {[%emt 0:02:51]} Bxf5 {[%emt 0:04:00]} 16. Bxf5 {[%emt 0:01:39]} Rfe8 {[%emt 0:06:50]} 17. Qf3 {[%emt 0:11:39]} Nd5 {[%emt 0:07:43]} 18. Bxe7 {[%emt 0:06:25]} Nxe7 {[%emt 0:00:16]} 19. Be4 {[%emt 0:01:38]} Rab8 {[%emt 0:05:11]} 20. Rad1 {[%emt 0:01:51]} b5 {[%emt 0:09:29]} 21. axb5 {[%emt 0:11:01]} axb5 {[%emt 0:00:30]} 22. Re3 {[%emt 0:00:08]} g6 {[%emt 0:06:25]} 23. Qf6 {[%emt 0:04:43]} Rb6 {[%emt 0:02:05]} 24. Qh4 {[%emt 0:00:17]} Rd8 {[%emt 0:03:38]} 25. Rxd8+ {[%emt 0:07:43]} Qxd8 {[%emt 0:00:12]} 26. Rd3 {[%emt 0:02:29]} Rd6 {[%emt 0:00:43]} 27. Rxd6 {[%emt 0:04:19]} Qxd6 {[%emt 0:00:14]} 28. h3 {[%emt 0:03:54]} Kg7 {[%emt 0:00:54]} 29. Bf3 {[%emt 0:02:08]} Nf5 {[%emt 0:07:21]} 30. Qe4 {[%emt 0:00:19]} Qc5 {[%emt 0:12:41]} 31. Be2 {[%emt 0:01:22]} Nd6 {[%emt 0:00:56]} 32. Qd3 {[%emt 0:00:52]} f5 {[%emt 0:06:08]} 33. g3 {[%emt 0:00:50]} Kf6 {[%emt 0:00:29]} 34. Qf3 {[%emt 0:00:53]} Ne4 {[%emt 0:01:48]} 35. Bd3 {[%emt 0:00:51]} Ng5 {[%emt 0:01:23]} 36. Qg2 {[%emt 0:00:40]} e4 {[%emt 0:04:03]} 37. Be2 {[%emt 0:00:08]} b4 {[%emt 0:00:27]} 38. h4 {[%emt 0:00:29]} Ne6 {[%emt 0:01:14]} 39. cxb4 {[%emt 0:01:00]} Qxb4 {[%emt 0:00:14]} 40. f3 {[%emt 0:00:47]} Qxb2 {[%emt 0:41:40]} 41. fxe4 {[%emt 0:40:24]} Qd4+ {[%emt 0:00:49]} 42. Kh2 {[%emt 0:00:16]} Qxe4 {[%emt 0:00:46]} 43. Bf3 {[%emt 0:00:03]} Qe5 {[%emt 0:01:37]} 44. Qa2 {[%emt 0:00:56]} f4 {[%emt 0:02:58]} 45. g4 {[%emt 0:00:03]} h6 {[%emt 0:01:11]} 46. Qa8 {[%emt 0:00:25]} Qb2+ {[%emt 0:00:00]} 47. Kh3 {[%emt 0:00:00]} Qf2 {[%emt 0:00:00]} 48. Qh8+ {[%emt 0:00:00]} Ke7 {[%emt 0:00:00]} 49. Qh7+ {[%emt 0:00:00]} Kd6 {[%emt 0:00:00]} 0-1

[Event "43rd Guernsey Festival 2017"]
[Site "Vale"]
[Date "2017.10.15"]
[Round "1"]
[White "Almquist, Rutger"]
[Black "Glover, John"]
[Result "1/2-1/2"]
[WhiteElo "1589"]
[BlackElo "1765"]
[Annotator "NA RC"]
[PlyCount "49"]
[EventDate "2017.??.??"]
[EventType "swiss"]
[EventCountry "GCI"]
[SourceTitle "playchess.com"]
[Source "ChessBase"]
[SourceQuality "1"]
[TimeControl "40/6000+30:2400+30"]

1. b4 Nf6 2. Bb2 d5 3. e3 Bf5 4. Nf3 e6 5. a3 Bd6 6. d4 Nbd7 7. c4 dxc4 8. Bxc4 a6 9. O-O O-O 10. Nbd2 c6 11. Re1 Ne4 12. Nxe4 Bxe4 13. Bd3 Bxd3 14. Qxd3 Qf6 15. e4 Qg6 16. Qe2 f6 17. e5 fxe5 18. dxe5 Be7 19. Qe3 Rf7 20. Qe4 Qxe4 21. Rxe4 Re8 22. Bd4 Bd8 23. Rc1 Nb6 24. Bxb6 Bxb6 25. Rd1 1/2-1/2

[Event "43rd Guernsey Festival 2017"]
[Site "Vale"]
[Date "2017.10.16"]
[Round "2"]
[White "Hillarp Persson, Tiger"]
[Black "Vorstermans, Peter"]
[Result "1-0"]
[WhiteElo "2517"]
[BlackElo "2007"]
[Annotator "TA"]
[PlyCount "63"]
[EventDate "2017.??.??"]
[EventType "swiss"]
[EventCountry "GCI"]
[SourceTitle "playchess.com"]
[Source "ChessBase"]
[SourceQuality "1"]

{[%evp 9,63,43,24,29,68,84,71,75,66,88,81,71,59,64,58,59,81,83,112,115,141,144,169,168,175,170,165,166,188,183,217,206,225,221,249,254,350,338,316,306,294,299,292,291,362,334,400,378,414,411,419,456,550,529,645,640]} 1. d4 f5 2. Bf4 Nf6 3. e3 g6 4. h4 {[%cal Bh2h4,Bh4h5][%mdl 32]} h6 (4... d6 5. h5 Bg7 6. hxg6 hxg6 7. Rxh8+ Bxh8 8. Qf3 c6 9. Nc3 Be6 10. Nh3 Nbd7 11. O-O-O Qa5 12. a3 {0-1 (55) Morozevich,A (2731)-Nakamura,H (2775) Dubai 2014}) 5. Qf3 d6 6. Nc3 {A80: Dutch Defence: Unusual White second moves} c6 7. Bc4 d5 8. Bd3 {White is better.} Be6 9. h5 $146 ({Predecessor:} 9. O-O-O Nbd7 10. Nge2 Qa5 11. g4 Nxg4 12. h5 g5 13. Bg3 Bg7 14. Bxf5 {½-½ (23) Fitzpatrick,S (2354)-Bouverot,O (2545) Australia 2002}) 9... g5 10. Bxb8 {[#] Black must now prevent Be5.} g4 11. Qf4 $1 Qxb8 12. Bxf5 Qxf4 13. Bg6+ Kd7 14. exf4 {[%cal Be3f4,Bf4f5][%mdl 32]} Kd6 15. Nge2 {[%cal Bg1e2,Be2f4,Bf4d3,Bd3e5][%mdl 32]} Nd7 16. O-O-O {[%cal Ba1d1,Bd1e1,Be1e6][%mdl 32]} Bg7 17. f5 Bg8 18. Rh4 Nf6 19. Nf4 b5 20. Re1 b4 21. Nce2 a5 22. Nd3 Bh7 23. Bxh7 Rxh7 24. Ng3 Bh8 25. Re6+ Kc7 26. Ne5 Ra6 27. Nxg4 Nxg4 28. Rxg4 Bf6 29. Ne2 a4 30. Rg8 Rf7 31. g4 Ra7 32. f4 {Precision: White = 96%, Black = 37%.} 1-0

[Event "43rd Guernsey Festival 2017"]
[Site "Vale"]
[Date "2017.10.16"]
[Round "2"]
[White "Whatley, Stephen A J"]
[Black "Sielicki, Tomasz"]
[Result "1/2-1/2"]
[WhiteElo "2159"]
[BlackElo "1997"]
[Annotator "TA"]
[PlyCount "53"]
[EventDate "2017.??.??"]
[EventType "swiss"]
[EventCountry "GCI"]
[SourceTitle "playchess.com"]
[Source "ChessBase"]
[SourceQuality "1"]

{[%evp 25,53,0,16,0,0,0,0,0,26,9,15,17,20,-18,-9,-14,0,-2,0,-18,5,5,2,-6,-6,-30,-20,-53,-63,-69]} 1. e4 e5 2. Nf3 Nc6 3. Bc4 Bc5 4. c3 Nf6 5. d3 a6 6. Bb3 Ba7 7. Nbd2 d6 8. h3 O-O 9. Nf1 d5 10. Qe2 {C54: Giuoco Piano: 4 c3 Nf6, main lines with 5 d4 and 5 d3} Be6 11. Bg5 dxe4 12. dxe4 Bxb3 13. axb3 Qd6 {[#] LiveBook: 10 Games} 14. N3d2 $146 ({Predecessor:} 14. Ng3 Qe6 15. b4 Ne8 16. O-O f6 17. Be3 Bxe3 18. fxe3 {½-½ (27) Movsesian,S (2647)-Topalov,V (2737) Tripoli 2004}) 14... Qe6 15. Ne3 Bxe3 16. Bxe3 Rfd8 17. b4 Ne8 {[%cal Bf6e8,Be8d6,Bd6c4,Bc4b2,Bb2d3][%mdl 32]} 18. O-O Nd6 19. f4 exf4 20. Bxf4 f6 21. Rfe1 Ne5 22. Nf3 Nxf3+ 23. Qxf3 Nc4 24. Bxc7 Rd7 25. Bf4 Nxb2 26. Reb1 Nd3 27. b5 {Precision: White = 42%, Black = 38%.} 1/2-1/2

[Event "43rd Guernsey Festival 2017"]
[Site "Vale"]
[Date "2017.10.16"]
[Round "2"]
[White "Hamperl, Fred"]
[Black "Hewson, Brian W R"]
[Result "0-1"]
[WhiteElo "2062"]
[BlackElo "1995"]
[Annotator "NA RC"]
[PlyCount "28"]
[EventDate "2017.??.??"]
[EventType "swiss"]
[EventCountry "GCI"]
[SourceTitle "playchess.com"]
[Source "ChessBase"]
[SourceQuality "1"]
[TimeControl "40/6000+30:2400+30"]

{[%evp 12,28,39,6,38,9,18,-58,-24,-221,-224,-228,-222,-511,-517,-523,-545,-975,-1110]} 1. e4 {[%emt 0:00:00]} c6 {[%emt 0:00:08]} 2. Nc3 {[%emt 0:00:07]} d5 {[%emt 0:01:16]} 3. Nf3 {[%emt 0:00:39]} Bg4 {[%emt 0:00:27]} 4. h3 {[%emt 0:00:23]} Bxf3 {[%emt 0:00:06]} 5. Qxf3 {[%emt 0:00:04]} e6 {[%emt 0:03:43]} 6. Be2 {[%emt 0:01:00]} Nd7 {[%emt 0:04:25]} 7. O-O {[%emt 0:02:48]} Ngf6 {[%emt 0:11:48]} 8. d3 {[%emt 0:01:22]} Bd6 {[%emt 0:02:05] LiveBook: 12 Games} 9. Bg5 {[%emt 0:14:32]} ({White should try} 9. d4 $11) 9... h6 {[%emt 0:11:16]} 10. Bh4 $2 {[%emt 0:00:41] [#]} (10. Bf4 $11 {and White is okay.} Bxf4 11. Qxf4) 10... Ne5 $1 {[%emt 0:04:52]} 11. Qe3 {[%emt 0:02:11] [#]} d4 $1 {[%emt 0:01:35]} 12. Qg3 $2 {[%emt 0:09:40]} (12. Qxd4 Nf3+ 13. Bxf3 Bh2+ 14. Kxh2 Qxd4 15. Be2) 12... g5 {[%emt 0:15:31]} ({Stronger than} 12... dxc3 13. Qxg7 Rg8 14. Qxf6 $16) 13. f4 {[%emt 0:02:19]} gxh4 {[%emt 0:01:17]} (13... dxc3 $2 14. fxe5 cxb2 15. Rab1 $19) 14. Qg7 $19 {[%emt 0:07:19]} (14. Qe1 $142 Ng6 15. e5 dxc3 16. exd6) 14... Rh7 {[%emt 0:00:35]} 0-1